مكتبة جامعة عجلون الوطنية

فهرس بحث المكتبة

الدور المعدل للثقافة التنظيمية في العلاقة بين التوافق الاستراتيجي وتطوير الاداء المؤسسي في دائرة الجمارك الاردنية = The Moderating Role of the Organizatational Culture in the Relationship Btween Strategic Alignment and Organizational Perfomance in the jordanian Customs service / (Record no. 33285)

MARC details
000 -LEADER
fixed length control field 01242nam a22002057a 4500
003 - CONTROL NUMBER IDENTIFIER
control field JO-AjAnu
005 - DATE AND TIME OF LATEST TRANSACTION
control field 20240630105335.0
008 - FIXED-LENGTH DATA ELEMENTS--GENERAL INFORMATION
fixed length control field 231211b jo ||||| |||| 00| 0 ara d
040 ## - CATALOGING SOURCE
Transcribing agency JO-AjAnu
Modifying agency ARA
Description conventions JO-AjAnu
041 ## - LANGUAGE CODE
Language code of text/sound track or separate title ARA
050 ## - LIBRARY OF CONGRESS CALL NUMBER
Classification number HD58.7
-- 2023
100 ## - MAIN ENTRY--PERSONAL NAME
Personal name الجوارنة، نزار صالح علي
9 (RLIN) 64952
Relator term معد
245 2# - TITLE STATEMENT
Title الدور المعدل للثقافة التنظيمية في العلاقة بين التوافق الاستراتيجي وتطوير الاداء المؤسسي في دائرة الجمارك الاردنية = The Moderating Role of the Organizatational Culture in the Relationship Btween Strategic Alignment and Organizational Perfomance in the jordanian Customs service /
Statement of responsibility, etc. اعداد نزار صالح علي جوارنه ؛ اشراف بلال احمد مثاني
260 ## - PUBLICATION, DISTRIBUTION, ETC.
Date of publication, distribution, etc. 2023
300 ## - PHYSICAL DESCRIPTION
Extent 106 ورقة
500 ## - GENERAL NOTE
General note رسالة جامعية (ماجستير) .- جامعة عجلون الوطنية ( عجلون، الأردن)، كلية الاعمال ، قسم ادارة الاعمال، 2023<br/>
650 70 - SUBJECT ADDED ENTRY--TOPICAL TERM
Topical term or geographic name entry element الثقافة التنظمية - التنظيم الاداري
9 (RLIN) 64951
700 ## - ADDED ENTRY--PERSONAL NAME
Personal name مثاني، بلال احمد
9 (RLIN) 64870
Dates associated with a name مشرف
942 ## - ADDED ENTRY ELEMENTS (KOHA)
Source of classification or shelving scheme Library of Congress Classification
Koha item type Thesis
Suppress in OPAC No
Holdings
Withdrawn status Lost status Source of classification or shelving scheme Damaged status Not for loan Home library Current library Date acquired Total Checkouts Full call number Barcode Date last seen Price effective from Koha item type
    Library of Congress Classification     مكتبة جامعة عجلون الوطنية مكتبة جامعة عجلون الوطنية 30/06/2024   HD58.7 2023 A29738 11/12/2023 30/06/2024 Thesis
    Library of Congress Classification     مكتبة جامعة عجلون الوطنية مكتبة جامعة عجلون الوطنية 11/12/2023   HD58.7 2023 A29737 11/12/2023 11/12/2023 Thesis